000 00927nmm a2200265 a 4500
001 ocm000716562
003 TR-IsHL
005 20201028140028.0
008 131212s2007 tu tur
007 cr cn
020 _a9789944490160
035 _a716562
_b(N$T)
050 0 4 _aDR593
_b.O55 2007
090 0 4 _aDR593
_b.O55 2007
245 1 0 _a12 Eylül'e rağmen
_h[electronic resource] /
_cSeçkin Kazak...[ve öte.]
260 _aİstanbul :
_bSiyah Beyaz Yayınları,
_c2007
300 _a160 p.
650 4 _aPolitika ve Uluslararası İlişkiler
650 4 _aPolitics and International Relations
650 0 _aTürkiye
_x Siyaset ve hükümet, 1980 -
650 0 _aTurkey
_x Politics and government, 1980-
650 7 _aPOLITICAL SCIENCE / World / Middle Eastern
_2bisacsh
700 1 _aKazak, Seçkin
856 4 0 _uhttp://search.ebscohost.com/login.aspx?direct=true&scope=site&db=e011xww&AN=716562
999 _c7063
_d7063